000 00678cam a22002533a 4500
001 32744
003 PGUSA
005 20140828083717.0
008 100608s2010||||xxu|||||s|||||000 1 eng d
040 _aPGUSA
_beng
042 _adc
050 4 _aPS
100 1 _aStockham, Richard
245 1 4 _aThe Valley
_h[electronic resource] /
_cRichard Stockham
260 _bProject Gutenberg,
_c2010
506 _aPublic domain in the USA.
516 _aElectronic text
653 _aScience fiction
653 _aShort stories
700 1 _aEmshwiller, Ed,
_d1925-1990
830 0 _aProject Gutenberg
_v32744
856 4 0 _uhttp://www.gutenberg.org/ebooks/32744
942 _cEB
999 _c261999
_d261999